| 000 | 01658nam a2200361 i 4500 | ||
|---|---|---|---|
| 003 | DO-SdBNP | ||
| 005 | 20260321073644.0 | ||
| 007 | ta | ||
| 008 | 210615e2019 dr ||||gr|||| 001 j spa d | ||
| 020 | _a9789945503470 | ||
| 040 |
_aDO-SdBNP _bspa _cBNPHU _erda |
||
| 082 | 4 |
_aRD863.44 _bB742c 2019 _222 |
|
| 100 | 1 |
_a Bosch, Juan, _d1909-2001 _eautor _4aut. _976555 |
|
| 245 | 1 | 0 |
_aCuentos escritos en el exilio / _bJuan Bosch ; prólogo, Pedro Vergés ; edición, María del Carmen Vicente, Clara Dobarro. |
| 264 | 1 |
_aSanto Domingo : _bEditora Ministerio de Cultura, _c2019. |
|
| 300 |
_a219 páginas ; _c19 cm. |
||
| 336 |
_atexto _btxt _2rdacontent |
||
| 337 |
_asin mediación _bn _2rdamedia |
||
| 338 |
_avolumen _bnc _2rdacarrier |
||
| 490 |
_aBiblioteca dominicana básica _v15 |
||
| 490 | _aNarrativa | ||
| 504 | _aBibliografía : páginas 213 -219 | ||
| 505 |
_aPalabras para una lectura de la narrativa de Bosch / _rPedro Vergés-- _tBibliografía-- _tLos amos-- _tEn un bohío / _rLuis Pie-- _t La Nochebuena de Encarnación Mendoza-- _tEl funeral-- _tRumbo al puerto de origen-- _tLa desgracia-- _tEl hombre que lloró / _rVictoriano Segura-- _tLa mancha indeleble-- _tEl indio Manuel Sicuri.-- _tCuento de navidad. |
||
| 590 | _aInventariado, 2021/MF | ||
| 650 | 4 |
_aCuentos dominicanos _9176 |
|
| 650 | 4 |
_aLiteratura dominicana _978268 |
|
| 700 | 1 |
_aVergés, Pedro, _978838 _eprologuista _4pr. |
|
| 700 | 1 |
_957201 _aVicente, María del Carmen, _eeditor _4ed. |
|
| 700 | 1 |
_98295 _aDobarro Lamas, Clara, _eeditor _4ed. |
|
| 830 | 0 |
_aBiblioteca dominicana básica ; _n15 _pNarrativa _980827 |
|
| 910 | _aMF/Validado. Control de calidad MFF | ||
| 942 |
_2ddc _cLBS1 |
||
| 999 |
_c49920 _d49920 |
||